[Event "Stay Safe Play From Home 274"]
[Site "Emanuel Lasker Arena"]
[Date "2020.07.03"]
[Round "6"]
[White "Grizzzly"]
[Black "Buzaglo"]
[Result "1/2-1/2"]
[WhiteElo "1868"]
[BlackElo "1911"]
[PlyCount "109"]
[EventDate "2020.07.03"]
[EventType "swiss (blitz)"]

1. d4 {[%emt 0:00:01]} e6 {[%emt 0:00:00]} 2. c4 {[%emt 0:00:00]} d5 {[%emt 0:00:00]} 3. Nc3 {[%emt 0:00:02]} Nf6 {[%emt 0:00:00]} 4. cxd5 {[%emt 0:00:00]} c5 {[%emt 0:00:00]} 5. dxc6 {[%emt 0:00:01]} Nxc6 {[%emt 0:00:01]} 6. e3 {[%emt 0:00:01]} Bb4 {[%emt 0:00:01]} 7. Nf3 {[%emt 0:00:01]} Bxc3+ {[%emt 0:00:00]} 8. bxc3 {[%emt 0:00:01]} O-O {[%emt 0:00:00]} 9. Bd3 {[%emt 0:00:01]} Ne7 {[%emt 0:00:01]} 10. Qc2 {[%emt 0:00:00]} Ng6 {[%emt 0:00:01]} 11. O-O {[%emt 0:00:02]} Bd7 {[%emt 0:00:01]} 12. e4 {[%emt 0:00:01]} Bc6 {[%emt 0:00:01]} 13. e5 {[%emt 0:00:00]} Nd5 {[%emt 0:00:02]} 14. Bxg6 {[%emt 0:00:01]} hxg6 {[%emt 0:00:01]} 15. Bg5 {[%emt 0:00:02]} f6 {[%emt 0:00:02]} 16. exf6 {[%emt 0:00:01]} gxf6 {[%emt 0:00:01]} 17. Be3 {[%emt 0:00:01]} f5 {[%emt 0:00:01]} 18. Rfd1 {[%emt 0:00:01]} Nxe3 {[%emt 0:00:01]} 19. fxe3 {[%emt 0:00:01]} Bxf3 {[%emt 0:00:01]} 20. gxf3 {[%emt 0:00:00]} Qg5+ {[%emt 0:00:01]} 21. Qg2 {[%emt 0:00:01]} Qh5 {[%emt 0:00:04]} 22. Rf1 {[%emt 0:00:02]} Kf7 {[%emt 0:00:01]} 23. f4 {[%emt 0:00:02]} Rh8 {[%emt 0:00:01]} 24. Rf2 {[%emt 0:00:03]} Rh7 {[%emt 0:00:01]} 25. Raf1 {[%emt 0:00:02]} Rb8 {[%emt 0:00:02]} 26. Qg5 {[%emt 0:00:01]} Qxg5+ {[%emt 0:00:01]} 27. fxg5 {[%emt 0:00:00]} b5 {[%emt 0:00:01]} 28. e4 {[%emt 0:00:00]} b4 {[%emt 0:00:01]} 29. exf5 {[%emt 0:00:00]} exf5 {[%emt 0:00:01]} 30. c4 {[%emt 0:00:01]} b3 {[%emt 0:00:01]} 31. axb3 {[%emt 0:00:01]} Rxb3 {[%emt 0:00:00]} 32. d5 {[%emt 0:00:01]} Ke7 {[%emt 0:00:02]} 33. c5 {[%emt 0:00:01]} Kd7 {[%emt 0:00:01]} 34. d6 {[%emt 0:00:01]} Kc6 {[%emt 0:00:01]} 35. Re2 {[%emt 0:00:02]} Kxc5 {[%emt 0:00:02]} 36. Re7 {[%emt 0:00:01]} Rh8 {[%emt 0:00:02]} 37. d7 {[%emt 0:00:01]} Rd8 {[%emt 0:00:01]} 38. Rc1+ {[%emt 0:00:02]} Kd6 {[%emt 0:00:02]} 39. Re8 {[%emt 0:00:02]} Rxd7 {[%emt 0:00:01]} 40. Rd1+ {[%emt 0:00:01]} Kc7 {[%emt 0:00:01]} 41. Rxd7+ {[%emt 0:00:03]} Kxd7 {[%emt 0:00:00]} 42. Rg8 {[%emt 0:00:00]} Rb6 {[%emt 0:00:02]} 43. Rg7+ {[%emt 0:00:01]} Ke6 {[%emt 0:00:01]} 44. h4 {[%emt 0:00:00]} Rb1+ {[%emt 0:00:01]} 45. Kg2 {[%emt 0:00:01]} Rb2+ {[%emt 0:00:00]} 46. Kg3 {[%emt 0:00:01]} a5 {[%emt 0:00:00]} 47. Rxg6+ {[%emt 0:00:01]} Ke5 {[%emt 0:00:00]} 48. Ra6 {[%emt 0:00:00]} Ra2 {[%emt 0:00:01]} 49. g6 {[%emt 0:00:00]} Ra3+ {[%emt 0:00:01]} 50. Kf2 {[%emt 0:00:01]} Ra2+ {[%emt 0:00:01]} 51. Kf3 {[%emt 0:00:01]} Ra3+ {[%emt 0:00:00]} 52. Kg2 {[%emt 0:00:00]} Ra2+ {[%emt 0:00:01]} 53. Kf3 {[%emt 0:00:00]} Ra3+ {[%emt 0:00:00]} 54. Kg2 {[%emt 0:00:00]} Ra2+ {[%emt 0:00:00]} 55. Kf3 {[%emt 0:00:00] (Lag: Av=0.43s, max=0.9s)} 1/2-1/2

[Event "Stay Safe Play From Home 274"]
[Site "Emanuel Lasker Arena"]
[Date "2020.07.03"]
[Round "6"]
[White "Trotsky"]
[Black "Greblha"]
[Result "0-1"]
[WhiteElo "1614"]
[BlackElo "1959"]
[PlyCount "72"]
[EventDate "2020.07.03"]
[EventType "swiss (blitz)"]

1. d4 {[%emt 0:00:01]} c6 {[%emt 0:00:02]} 2. e3 {[%emt 0:00:00]} d5 {[%emt 0:00:00]} 3. c4 {[%emt 0:00:00]} Nf6 {[%emt 0:00:02]} 4. Nc3 {[%emt 0:00:01]} e6 {[%emt 0:00:01]} 5. c5 {[%emt 0:00:01]} Be7 {[%emt 0:00:01]} 6. Qc2 {[%emt 0:00:01]} O-O {[%emt 0:00:00]} 7. Bd3 {[%emt 0:00:01]} Nbd7 {[%emt 0:00:01]} 8. Nf3 {[%emt 0:00:01]} Re8 {[%emt 0:00:01]} 9. Ng5 {[%emt 0:00:01]} Nf8 {[%emt 0:00:01]} 10. h4 {[%emt 0:00:01]} h6 {[%emt 0:00:02]} 11. Bd2 {[%emt 0:00:02]} Qc7 {[%emt 0:00:02]} 12. O-O-O {[%emt 0:00:02]} e5 {[%emt 0:00:01]} 13. Bh7+ {[%emt 0:00:03]} N8xh7 {[%emt 0:00:02]} 14. dxe5 {[%emt 0:00:04]} Qxe5 {[%emt 0:00:01]} 15. f4 {[%emt 0:00:01]} Qf5 {[%emt 0:00:04]} 16. e4 {[%emt 0:00:02]} Nxe4 {[%emt 0:00:03]} 17. Ncxe4 {[%emt 0:00:03]} dxe4 {[%emt 0:00:01]} 18. Qb3 {[%emt 0:00:01]} Be6 {[%emt 0:00:02]} 19. Nxe6 {[%emt 0:00:01]} Qxe6 {[%emt 0:00:02]} 20. Qe3 {[%emt 0:00:02]} Nf6 {[%emt 0:00:01]} 21. g4 {[%emt 0:00:02]} Nd5 {[%emt 0:00:01]} 22. Qg3 {[%emt 0:00:02]} e3 {[%emt 0:00:01]} 23. Bc3 {[%emt 0:00:01]} Nxc3 {[%emt 0:00:02]} 24. bxc3 {[%emt 0:00:01]} Bxc5 {[%emt 0:00:01]} 25. Kb2 {[%emt 0:00:01]} Qc4 {[%emt 0:00:03]} 26. Rh2 {[%emt 0:00:06]} Qb5+ {[%emt 0:00:02]} 27. Ka1 {[%emt 0:00:01]} e2 {[%emt 0:00:01]} 28. Re1 {[%emt 0:00:01]} Ba3 {[%emt 0:00:02]} 29. Rb1 {[%emt 0:00:03]} Qc4 {[%emt 0:00:03]} 30. Rhh1 {[%emt 0:00:02]} Rad8 {[%emt 0:00:03]} 31. Qe1 {[%emt 0:00:03]} Rd3 {[%emt 0:00:01]} 32. Rh2 {[%emt 0:00:04]} Qxc3+ {[%emt 0:00:01]} 33. Qxc3 {[%emt 0:00:01]} Rxc3 {[%emt 0:00:01]} 34. Rxe2 {[%emt 0:00:01]} Rxe2 {[%emt 0:00:01]} 35. g5 {[%emt 0:00:00]} hxg5 {[%emt 0:00:01]} 36. hxg5 {[%emt 0:00:01]} Rcc2 {[%emt 0:00:00] Âðåìÿ (Lag: Av=0.36s, max=1.0s)} 0-1

[Event "Stay Safe Play From Home 274"]
[Site "Emanuel Lasker Arena"]
[Date "2020.07.03"]
[Round "7"]
[White "Broken sword"]
[Black "Lamborghini"]
[Result "1-0"]
[WhiteElo "2460"]
[BlackElo "2281"]
[PlyCount "147"]
[EventDate "2020.07.03"]
[EventType "swiss (blitz)"]

1. d4 {[%emt 0:00:01]} Nf6 {[%emt 0:00:01]} 2. Nf3 {[%emt 0:00:00]} g6 {[%emt 0:00:00]} 3. Bg5 {[%emt 0:00:01]} Bg7 {[%emt 0:00:00]} 4. c3 {[%emt 0:00:01]} O-O {[%emt 0:00:01]} 5. Nbd2 {[%emt 0:00:00]} d5 {[%emt 0:00:01]} 6. e3 {[%emt 0:00:01]} c6 {[%emt 0:00:01]} 7. Bd3 {[%emt 0:00:01]} Nbd7 {[%emt 0:00:02]} 8. h3 {[%emt 0:00:00]} Qe8 {[%emt 0:00:01]} 9. Bf4 {[%emt 0:00:00]} h6 {[%emt 0:00:04]} 10. O-O {[%emt 0:00:01]} Nh7 {[%emt 0:00:00]} 11. e4 {[%emt 0:00:02]} dxe4 {[%emt 0:00:01]} 12. Nxe4 {[%emt 0:00:00]} Ndf6 {[%emt 0:00:01]} 13. Ned2 {[%emt 0:00:02]} Nd5 {[%emt 0:00:01]} 14. Bh2 {[%emt 0:00:01]} Nhf6 {[%emt 0:00:02]} 15. Re1 {[%emt 0:00:01]} Qd8 {[%emt 0:00:01]} 16. Nc4 {[%emt 0:00:01]} Re8 {[%emt 0:00:01]} 17. Nce5 {[%emt 0:00:00]} Kh7 {[%emt 0:00:02]} 18. Bc4 {[%emt 0:00:00]} Rf8 {[%emt 0:00:01]} 19. Bb3 {[%emt 0:00:01]} e6 {[%emt 0:00:01]} 20. a3 {[%emt 0:00:01]} a5 {[%emt 0:00:01]} 21. Qd2 {[%emt 0:00:01]} a4 {[%emt 0:00:01]} 22. Ba2 {[%emt 0:00:00]} Qb6 {[%emt 0:00:01]} 23. Rab1 {[%emt 0:00:01]} c5 {[%emt 0:00:01]} 24. dxc5 {[%emt 0:00:01]} Qxc5 {[%emt 0:00:01]} 25. Nd4 {[%emt 0:00:01]} b6 {[%emt 0:00:01]} 26. Nd3 {[%emt 0:00:01]} Qa5 {[%emt 0:00:03]} 27. Nb4 {[%emt 0:00:01]} Bb7 {[%emt 0:00:01]} 28. Nbc6 {[%emt 0:00:02]} Qc5 {[%emt 0:00:01]} 29. Ne5 {[%emt 0:00:01]} Rad8 {[%emt 0:00:02]} 30. Nd3 {[%emt 0:00:01]} Qc8 {[%emt 0:00:01]} 31. Qe2 {[%emt 0:00:01]} Qa8 {[%emt 0:00:01]} 32. f3 {[%emt 0:00:01]} Ne7 {[%emt 0:00:01]} 33. Rbd1 {[%emt 0:00:01]} Nfd5 {[%emt 0:00:01]} 34. Be5 {[%emt 0:00:02]} f6 {[%emt 0:00:02]} 35. Bg3 {[%emt 0:00:01]} e5 {[%emt 0:00:01]} 36. Nc2 {[%emt 0:00:01]} Nc6 {[%emt 0:00:01]} 37. Ne3 {[%emt 0:00:01]} Nxe3 {[%emt 0:00:01]} 38. Qxe3 {[%emt 0:00:00]} Ne7 {[%emt 0:00:01]} 39. Nb4 {[%emt 0:00:01]} Nf5 {[%emt 0:00:01]} 40. Qe2 {[%emt 0:00:01]} Nxg3 {[%emt 0:00:01]} 41. Rxd8 {[%emt 0:00:01]} Nf5 {[%emt 0:00:00]} 42. Rxa8 {[%emt 0:00:01]} Ng3 {[%emt 0:00:01]} 43. Bb1 {[%emt 0:00:00]} Nxe2+ {[%emt 0:00:01]} 44. Rxe2 {[%emt 0:00:00]} Rxa8 {[%emt 0:00:01]} 45. Rd2 {[%emt 0:00:00]} Ba6 {[%emt 0:00:01]} 46. Nxa6 {[%emt 0:00:01]} Rxa6 {[%emt 0:00:01]} 47. Rd7 {[%emt 0:00:00]} b5 {[%emt 0:00:00]} 48. Rb7 {[%emt 0:00:01]} b4 {[%emt 0:00:00]} 49. cxb4 {[%emt 0:00:01]} Rd6 {[%emt 0:00:00]} 50. Kh2 {[%emt 0:00:01]} Rd1 {[%emt 0:00:00]} 51. Bc2 {[%emt 0:00:01]} Rd2 {[%emt 0:00:00]} 52. Be4 {[%emt 0:00:01]} h5 {[%emt 0:00:00]} 53. h4 {[%emt 0:00:01]} f5 {[%emt 0:00:00]} 54. Bc6 {[%emt 0:00:01]} e4 {[%emt 0:00:00]} 55. fxe4 {[%emt 0:00:01]} Kh6 {[%emt 0:00:00]} 56. exf5 {[%emt 0:00:01]} Be5+ {[%emt 0:00:00]} 57. Kg1 {[%emt 0:00:01]} gxf5 {[%emt 0:00:00]} 58. Bd7 {[%emt 0:00:01]} Rxb2 {[%emt 0:00:00]} 59. Bxf5 {[%emt 0:00:01]} Bg3 {[%emt 0:00:00]} 60. Kf1 {[%emt 0:00:01]} Rb1+ {[%emt 0:00:01]} 61. Ke2 {[%emt 0:00:01]} Bc7 {[%emt 0:00:01]} 62. Rxc7 {[%emt 0:00:01]} Rb2+ {[%emt 0:00:01]} 63. Kf3 {[%emt 0:00:01]} Rxg2 {[%emt 0:00:01]} 64. Rc6+ {[%emt 0:00:00]} Kg7 {[%emt 0:00:02]} 65. Be4 {[%emt 0:00:00]} Kf7 {[%emt 0:00:01]} 66. Kf4 {[%emt 0:00:00]} Ke7 {[%emt 0:00:00]} 67. Ke5 {[%emt 0:00:00]} Rf2 {[%emt 0:00:00]} 68. Re6+ {[%emt 0:00:00]} Kd7 {[%emt 0:00:01]} 69. Rf6 {[%emt 0:00:00]} Kc7 {[%emt 0:00:00]} 70. Rxf2 {[%emt 0:00:01]} Kb6 {[%emt 0:00:00]} 71. Rf6+ {[%emt 0:00:00]} Kb5 {[%emt 0:00:01]} 72. Rh6 {[%emt 0:00:00]} Kc4 {[%emt 0:00:01]} 73. Rxh5 {[%emt 0:00:00]} Kb5 {[%emt 0:00:00]} 74. Bc6+ {[%emt 0:00:01] Zeit (Lag: Av=0.24s, max=1.1s)} 1-0

[Event "Stay Safe Play From Home 274"]
[Site "Emanuel Lasker Arena"]
[Date "2020.07.03"]
[Round "7"]
[White "Uber_WING"]
[Black "Mepe_Nika"]
[Result "1/2-1/2"]
[WhiteElo "2380"]
[BlackElo "2375"]
[PlyCount "156"]
[EventDate "2020.07.03"]
[EventType "swiss (blitz)"]

1. e4 {[%emt 0:00:02]} e5 {[%emt 0:00:01]} 2. Nf3 {[%emt 0:00:00]} Nc6 {[%emt 0:00:00]} 3. d4 {[%emt 0:00:00]} exd4 {[%emt 0:00:01]} 4. Bc4 {[%emt 0:00:00]} Nf6 {[%emt 0:00:02]} 5. e5 {[%emt 0:00:00]} Ne4 {[%emt 0:00:01]} 6. O-O {[%emt 0:00:02]} Be7 {[%emt 0:00:00]} 7. Re1 {[%emt 0:00:02]} Nc5 {[%emt 0:00:00]} 8. Nxd4 {[%emt 0:00:01]} Nxd4 {[%emt 0:00:02]} 9. Qxd4 {[%emt 0:00:00]} Ne6 {[%emt 0:00:00]} 10. Qd1 {[%emt 0:00:01]} O-O {[%emt 0:00:02]} 11. Qe2 {[%emt 0:00:01]} d5 {[%emt 0:00:01]} 12. Bb3 {[%emt 0:00:02]} c5 {[%emt 0:00:02]} 13. c3 {[%emt 0:00:01]} b6 {[%emt 0:00:01]} 14. Bc2 {[%emt 0:00:01]} Bb7 {[%emt 0:00:01]} 15. Qh5 {[%emt 0:00:01]} g6 {[%emt 0:00:01]} 16. Qh6 {[%emt 0:00:01]} Re8 {[%emt 0:00:01]} 17. Nd2 {[%emt 0:00:01]} Bf8 {[%emt 0:00:01]} 18. Qh3 {[%emt 0:00:00]} Bg7 {[%emt 0:00:01]} 19. Nf3 {[%emt 0:00:01]} d4 {[%emt 0:00:01]} 20. Bd2 {[%emt 0:00:01]} d3 {[%emt 0:00:01]} 21. Bb3 {[%emt 0:00:01]} b5 {[%emt 0:00:00]} 22. Rac1 {[%emt 0:00:02]} c4 {[%emt 0:00:01]} 23. Bd1 {[%emt 0:00:02]} a5 {[%emt 0:00:04]} 24. a4 {[%emt 0:00:03]} Qd7 {[%emt 0:00:03]} 25. axb5 {[%emt 0:00:01]} Qxb5 {[%emt 0:00:00]} 26. Rb1 {[%emt 0:00:01]} a4 {[%emt 0:00:01]} 27. Nd4 {[%emt 0:00:02]} Nxd4 {[%emt 0:00:02]} 28. cxd4 {[%emt 0:00:00]} a3 {[%emt 0:00:05]} 29. Bc3 {[%emt 0:00:01]} a2 {[%emt 0:00:01]} 30. Ra1 {[%emt 0:00:01]} Qd5 {[%emt 0:00:00]} 31. Bf3 {[%emt 0:00:01]} Qb5 {[%emt 0:00:01]} 32. Bg4 {[%emt 0:00:02]} Qd5 {[%emt 0:00:01]} 33. Bf3 {[%emt 0:00:04]} Qb5 {[%emt 0:00:01]} 34. Bxb7 {[%emt 0:00:00]} Qxb7 {[%emt 0:00:01]} 35. e6 {[%emt 0:00:01]} fxe6 {[%emt 0:00:01]} 36. Rxe6 {[%emt 0:00:00]} Qf7 {[%emt 0:00:01]} 37. Rxe8+ {[%emt 0:00:02]} Qxe8 {[%emt 0:00:01]} 38. g3 {[%emt 0:00:02]} h5 {[%emt 0:00:01]} 39. Qg2 {[%emt 0:00:01]} Kh7 {[%emt 0:00:01]} 40. Qd5 {[%emt 0:00:01]} Rc8 {[%emt 0:00:01]} 41. Rxa2 {[%emt 0:00:01]} Qe2 {[%emt 0:00:01]} 42. Ra1 {[%emt 0:00:01]} d2 {[%emt 0:00:00]} 43. Bxd2 {[%emt 0:00:01]} Qxd2 {[%emt 0:00:01]} 44. Qe6 {[%emt 0:00:00]} Rd8 {[%emt 0:00:01]} 45. d5 {[%emt 0:00:00]} Qd4 {[%emt 0:00:01]} 46. Rc1 {[%emt 0:00:01]} Rf8 {[%emt 0:00:01]} 47. Qe2 {[%emt 0:00:01]} Qxd5 {[%emt 0:00:02]} 48. Qxc4 {[%emt 0:00:01]} Qxc4 {[%emt 0:00:01]} 49. Rxc4 {[%emt 0:00:00]} Bxb2 {[%emt 0:00:01]} 50. Rc2 {[%emt 0:00:00]} Bg7 {[%emt 0:00:01]} 51. Kg2 {[%emt 0:00:00]} Rf7 {[%emt 0:00:00]} 52. f4 {[%emt 0:00:00]} Bf6 {[%emt 0:00:01]} 53. Kf3 {[%emt 0:00:00]} Bg7 {[%emt 0:00:00]} 54. Rc6 {[%emt 0:00:00]} Rf8 {[%emt 0:00:00]} 55. h3 {[%emt 0:00:00]} Rf7 {[%emt 0:00:00]} 56. g4 {[%emt 0:00:00]} Rf6 {[%emt 0:00:00]} 57. Rc7 {[%emt 0:00:01]} Rf8 {[%emt 0:00:00]} 58. gxh5 {[%emt 0:00:01]} gxh5 {[%emt 0:00:00]} 59. Rc5 {[%emt 0:00:00]} Kg8 {[%emt 0:00:00]} 60. Rg5 {[%emt 0:00:01]} Rf7 {[%emt 0:00:00]} 61. Rxh5 {[%emt 0:00:00]} Rf6 {[%emt 0:00:00]} 62. Rg5 {[%emt 0:00:00]} Rf7 {[%emt 0:00:00]} 63. Rg4 {[%emt 0:00:00]} Rf8 {[%emt 0:00:00]} 64. Kg3 {[%emt 0:00:00]} Rf7 {[%emt 0:00:00]} 65. f5 {[%emt 0:00:01]} Rf6 {[%emt 0:00:00]} 66. Kf4 {[%emt 0:00:00]} Kf7 {[%emt 0:00:00]} 67. Rg6 {[%emt 0:00:00]} Bh6+ {[%emt 0:00:00]} 68. Kg4 {[%emt 0:00:01]} Rxg6+ {[%emt 0:00:00]} 69. fxg6+ {[%emt 0:00:00]} Kxg6 {[%emt 0:00:00]} 70. h4 {[%emt 0:00:00]} Kh7 {[%emt 0:00:00]} 71. h5 {[%emt 0:00:00]} Bg7 {[%emt 0:00:00]} 72. Kh3 {[%emt 0:00:00]} Bh8 {[%emt 0:00:00]} 73. Kh4 {[%emt 0:00:00]} Bg7 {[%emt 0:00:00]} 74. Kg4 {[%emt 0:00:00]} Bh8 {[%emt 0:00:00]} 75. Kf5 {[%emt 0:00:00]} Bg7 {[%emt 0:00:00]} 76. Kg4 {[%emt 0:00:00]} Bh8 {[%emt 0:00:00]} 77. Kg5 {[%emt 0:00:00]} Bg7 {[%emt 0:00:00]} 78. h6 {[%emt 0:00:00]} Bxh6+ {[%emt 0:00:01] (Lag: Av=0.34s, max=0.5s)} 1/2-1/2

[Event "Stay Safe Play From Home 274"]
[Site "Emanuel Lasker Arena"]
[Date "2020.07.03"]
[Round "7"]
[White "SoulofWolf"]
[Black "BrainThinker22"]
[Result "0-1"]
[WhiteElo "2224"]
[BlackElo "2358"]
[Annotator "NA"]
[PlyCount "78"]
[EventDate "2020.07.03"]
[EventType "swiss (blitz)"]

1. d4 {[%emt 0:00:00]} c5 {[%emt 0:00:01]} 2. Nf3 {[%emt 0:00:00]} cxd4 {[%emt 0:00:00]} 3. Nxd4 {[%emt 0:00:00]} d5 {[%emt 0:00:00]} 4. c4 {[%emt 0:00:01]} Nc6 {[%emt 0:00:00]} 5. e3 {[%emt 0:00:00]} dxc4 {[%emt 0:00:01]} 6. Bxc4 {[%emt 0:00:01]} Nf6 {[%emt 0:00:01]} 7. O-O {[%emt 0:00:01]} e5 {[%emt 0:00:02]} 8. Nxc6 {[%emt 0:00:01]} Qxd1 {[%emt 0:00:00]} 9. Rxd1 {[%emt 0:00:01]} bxc6 {[%emt 0:00:00]} 10. Nd2 {[%emt 0:00:01]} Bc5 {[%emt 0:00:01]} 11. Nb3 {[%emt 0:00:01]} Bb6 {[%emt 0:00:00]} 12. a4 {[%emt 0:00:01]} O-O {[%emt 0:00:01]} 13. a5 {[%emt 0:00:01]} Bc7 {[%emt 0:00:00]} 14. Bd2 {[%emt 0:00:01]} Bf5 {[%emt 0:00:02]} 15. f3 {[%emt 0:00:02]} Bc2 {[%emt 0:00:02]} 16. Rdc1 {[%emt 0:00:02]} Bxb3 {[%emt 0:00:00]} 17. Bxb3 {[%emt 0:00:00]} Rab8 {[%emt 0:00:00]} 18. Ba4 {[%emt 0:00:05]} Rxb2 {[%emt 0:00:01]} 19. Bc3 {[%emt 0:00:00]} Re2 {[%emt 0:00:01]} 20. Bxc6 {[%emt 0:00:05]} Rxe3 {[%emt 0:00:01]} 21. Bb2 {[%emt 0:00:07]} Rb3 {[%emt 0:00:02]} 22. Ra2 {[%emt 0:00:01]} Rfb8 {[%emt 0:00:01]} 23. Ba1 {[%emt 0:00:02]} Rb1 {[%emt 0:00:04]} 24. Rac2 {[%emt 0:00:03]} Rxc1+ {[%emt 0:00:02]} 25. Rxc1 {[%emt 0:00:00]} Bxa5 {[%emt 0:00:00]} 26. h3 {[%emt 0:00:02]} Bb6+ {[%emt 0:00:01]} 27. Kh2 {[%emt 0:00:02]} Bd4 {[%emt 0:00:01]} 28. Bxd4 {[%emt 0:00:02]} exd4 {[%emt 0:00:00]} 29. Rc4 {[%emt 0:00:00]} Rd8 {[%emt 0:00:01]} 30. Ba4 {[%emt 0:00:02]} d3 {[%emt 0:00:01]} 31. Bd1 {[%emt 0:00:00]} d2 {[%emt 0:00:00]} 32. Kg1 {[%emt 0:00:01]} g6 {[%emt 0:00:01]} 33. Kf2 {[%emt 0:00:00]} Nd5 {[%emt 0:00:02]} 34. Ke2 {[%emt 0:00:02]} Nb6 {[%emt 0:00:01]} 35. Rc2 {[%emt 0:00:02]} Kf8 {[%emt 0:00:00]} 36. Ra2 {[%emt 0:00:01]} Rd7 {[%emt 0:00:01]} 37. Ba4 {[%emt 0:00:02]} Nxa4 {[%emt 0:00:01]} 38. Rxa4 {[%emt 0:00:00]} d1=Q+ {[%emt 0:00:00]} 39. Ke3 {[%emt 0:00:01]} Qxa4 {[%emt 0:00:00] SoulofWolf poddaje siê (Lag: Av=0.66s, max=1.9s)} 0-1

[Event "Stay Safe Play From Home 274"]
[Site "Emanuel Lasker Arena"]
[Date "2020.07.03"]
[Round "7"]
[White "Weltszmerc"]
[Black "Grizzzly"]
[Result "0-1"]
[WhiteElo "2148"]
[BlackElo "1870"]
[PlyCount "110"]
[EventDate "2020.07.03"]
[EventType "swiss (blitz)"]

1. d4 {[%emt 0:00:02]} c6 {[%emt 0:00:00]} 2. c4 {[%emt 0:00:00]} d5 {[%emt 0:00:00]} 3. Nf3 {[%emt 0:00:01]} Nf6 {[%emt 0:00:01]} 4. g3 {[%emt 0:00:00]} Bg4 {[%emt 0:00:01]} 5. Bg2 {[%emt 0:00:00]} e6 {[%emt 0:00:00]} 6. O-O {[%emt 0:00:00]} Be7 {[%emt 0:00:00]} 7. Ne5 {[%emt 0:00:00]} Kf8 {[%emt 0:00:01]} 8. Nxg4 {[%emt 0:00:00]} Nxg4 {[%emt 0:00:00]} 9. e4 {[%emt 0:00:00]} dxe4 {[%emt 0:00:01]} 10. Qxg4 {[%emt 0:00:01]} f5 {[%emt 0:00:03]} 11. Qe2 {[%emt 0:00:01]} Qxd4 {[%emt 0:00:01]} 12. Be3 {[%emt 0:00:01]} Qe5 {[%emt 0:00:01]} 13. Nc3 {[%emt 0:00:03]} g5 {[%emt 0:00:01]} 14. f3 {[%emt 0:00:03]} f4 {[%emt 0:00:01]} 15. gxf4 {[%emt 0:00:02]} gxf4 {[%emt 0:00:01]} 16. Bc1 {[%emt 0:00:05]} e3 {[%emt 0:00:01]} 17. Qc2 {[%emt 0:00:05]} Rg8 {[%emt 0:00:01]} 18. b3 {[%emt 0:00:01]} Qg5 {[%emt 0:00:02]} 19. Bb2 {[%emt 0:00:01]} Nd7 {[%emt 0:00:03]} 20. Ne4 {[%emt 0:00:01]} Qg6 {[%emt 0:00:01]} 21. Rad1 {[%emt 0:00:02]} Nf6 {[%emt 0:00:01]} 22. Bxf6 {[%emt 0:00:03]} Bxf6 {[%emt 0:00:01]} 23. Qe2 {[%emt 0:00:02]} Re8 {[%emt 0:00:02]} 24. Nxf6 {[%emt 0:00:01]} Qxf6 {[%emt 0:00:01]} 25. Rd7 {[%emt 0:00:01]} Re7 {[%emt 0:00:01]} 26. Rfd1 {[%emt 0:00:00]} Rxd7 {[%emt 0:00:03]} 27. Rxd7 {[%emt 0:00:00]} Qa1+ {[%emt 0:00:01]} 28. Qf1 {[%emt 0:00:00]} Qxa2 {[%emt 0:00:01]} 29. Rd8+ {[%emt 0:00:02]} Kf7 {[%emt 0:00:01]} 30. Rxg8 {[%emt 0:00:00]} Kxg8 {[%emt 0:00:01]} 31. Bh3 {[%emt 0:00:00]} Qxb3 {[%emt 0:00:02]} 32. Bxe6+ {[%emt 0:00:01]} Kf8 {[%emt 0:00:00]} 33. Qe2 {[%emt 0:00:02]} Qb1+ {[%emt 0:00:01]} 34. Kg2 {[%emt 0:00:00]} Qg6+ {[%emt 0:00:01]} 35. Bg4 {[%emt 0:00:01]} h5 {[%emt 0:00:00]} 36. h3 {[%emt 0:00:00]} hxg4 {[%emt 0:00:01]} 37. hxg4 {[%emt 0:00:00]} Qd6 {[%emt 0:00:01]} 38. g5 {[%emt 0:00:03]} Qd2 {[%emt 0:00:01]} 39. Kf1 {[%emt 0:00:01]} Qxe2+ {[%emt 0:00:01]} 40. Kxe2 {[%emt 0:00:00]} Kf7 {[%emt 0:00:00]} 41. Kd3 {[%emt 0:00:00]} Kg6 {[%emt 0:00:00]} 42. c5 {[%emt 0:00:00]} Kxg5 {[%emt 0:00:00]} 43. Ke2 {[%emt 0:00:00]} b6 {[%emt 0:00:00]} 44. cxb6 {[%emt 0:00:01]} axb6 {[%emt 0:00:00]} 45. Kd3 {[%emt 0:00:00]} c5 {[%emt 0:00:00]} 46. Ke2 {[%emt 0:00:00]} b5 {[%emt 0:00:00]} 47. Kd3 {[%emt 0:00:00]} b4 {[%emt 0:00:00]} 48. Ke2 {[%emt 0:00:00]} b3 {[%emt 0:00:00]} 49. Kd3 {[%emt 0:00:00]} b2 {[%emt 0:00:01]} 50. Kc3 {[%emt 0:00:00]} e2 {[%emt 0:00:00]} 51. Kc4 {[%emt 0:00:00]} e1=Q {[%emt 0:00:02]} 52. Kd5 {[%emt 0:00:00]} Qe3 {[%emt 0:00:00]} 53. Kc6 {[%emt 0:00:00]} Qxf3+ {[%emt 0:00:00]} 54. Kd6 {[%emt 0:00:01]} b1=Q {[%emt 0:00:00]} 55. Kc7 {[%emt 0:00:00]} Qbd3 {[%emt 0:00:00] Weltszmerc poddaje się (Lag: Av=0.64s, max=0.9s)} 0-1